书目信息 |
| 题名: |
远征印缅抗战
|
|
| 作者: | ;中国人民政治协商会议全国委员会文史资料研究委员会《远征印缅抗战》编审组 编 | |
| 分册: | ||
| 出版信息: | 北京 中国文史出版社 1990.10 |
|
| 页数: | 455页 | |
| 开本: | 20cm | |
| 丛书名: | 原国民党将领抗日战争亲历记 | |
| 单 册: | ||
| 中图分类: | K265.21 | |
| 科图分类: | ||
| 主题词: | 国民党军-抗日战争时期战役战斗--缅甸--史料 , 抗日战争时期战役战斗-国民党军--缅甸--史料 | |
| 电子资源: | ||
| ISBN: | 7-5034-0153-2 | |
| 000 | 01275nam 2200253 45 | |
| 001 | 0191005901 | |
| 005 | 20060510113349.46 | |
| 010 | @a7-5034-0153-2@dCNY9.80 | |
| 100 | @a19910314d1990 ekmy0chiy0121 ea | |
| 101 | 0 | @achi |
| 102 | @aCN@b110000 | |
| 105 | @af z 000yy | |
| 200 | 10 | @a远征印缅抗战@AYUAN ZHENG YIN MIAN KANG ZHAN@f中国人民政治协商会议全国委员会文史资料研究委员会《远征印缅抗战》编审组编@Fzhong guo ren min zheng zhi xie shang hui yi quan guo wei yuan hui wen shi zi liao yan jiu wei yuan hui《yuan zheng yin mian kang zhan》bian shen zu bian |
| 210 | @a北京@c中国文史出版社@d1990.10 | |
| 215 | @a455页@c照片@d20cm | |
| 225 | 2 | @a原国民党将领抗日战争亲历记 |
| 330 | @a本书作者以他们自己的亲身经历,记述了在缅甸同古·棠吉的激战经过以及历尽艰辛越过野人山,退入印度的经过等。 | |
| 410 | 0 | @120010@a原国民党将领抗日战争亲历记 |
| 606 | @a国民党军-抗日战争时期战役战斗@y缅甸@x史料 | |
| 606 | @a抗日战争时期战役战斗-国民党军@y缅甸@x史料 | |
| 690 | @aK265.21@v3 | |
| 711 | 0 | @a中国人民政治协商会议全国委员会文史资料研究委员会《远征印缅抗战》编审组@Azhong guo ren min zheng zhi xie shang hui yi quan guo wei yuan hui wen shi zi liao yan jiu wei yuan hui《yuan zheng yin mian kang zhan》bian shen zu@4编 |
| 801 | 0 | @aCN@bNLC@c20060510 |
| 905 | @dK265.21@e36 | |
| 远征印缅抗战/中国人民政治协商会议全国委员会文史资料研究委员会《远征印缅抗战》编审组编.-北京:中国文史出版社,1990.10 |
| 455页:照片;20cm.-(原国民党将领抗日战争亲历记) |
| ISBN 7-5034-0153-2:CNY9.80 |
| 本书作者以他们自己的亲身经历,记述了在缅甸同古·棠吉的激战经过以及历尽艰辛越过野人山,退入印度的经过等。 |
| ● |
| 相关链接 |
|
|
|
|
正题名:远征印缅抗战
索取号:K265.21/36
 
预约/预借
| 序号 | 登录号 | 条形码 | 馆藏地/架位号 | 状态 | 备注 |
| 1 | 0236942 | 000355056 | 第二借阅区/ [索取号:K265.21/36] | 在馆 | |
| 2 | 0236943 | 202320023 | 密集书库/ [索取号:K265.21/36] | 在馆 | |
| 3 | 0236944 | 000355010 | 第二借阅区/ [索取号:K265.21/36] | 在馆 | |
| 4 | 0236945 | 202320032 | 密集书库/ [索取号:K265.21/36] | 在馆 | |
| 5 | 0236946 | 000355065 | 第二样本阅览室/ [索取号:K265.21/36] | 在馆 |